000 00505 a2200205 4500
005 20260415114044.0
008 260415b |||||||| |||| 00| 0 eng d
020 _a9781032036922
_c£ 67.99
040 _aMAIN
082 _a615.9
_bT483I(4)
100 _a Timbrell, John
245 _aIntroduction to toxicology
250 _a4th
260 _bCRC Press
_c2023
_aBoca Raton
300 _axvii, 298
650 _aPharmacology
650 _aToxicology
700 _aBarile, Frank A
942 _cBK
999 _c395104
_d395104